000 00728nam a22001817a 4500
999 _c14875
_d14875
003 OSt
082 _2664 CLA/ST
088 _aT 397
100 _aCLAUDIA K.L
_93960
245 _aStudies on microwave steam distillation process for extraction of lemongrass essential oil
260 _aTavanur 2017
_bDEPARTMENT OF FOOD AND AGRICULTURAL PROCESS ENGINEERING
300 _a115
500 _aStudies on microwave steam distillation process for extraction of lemongrass essential oil
520 _aStudies on microwave steam distillation process for extraction of lemongrass essential oil
700 _aDr. Prince M.V (Guide)
_93452
856 _uhttps://drive.google.com/open?id=1e1i-jxvf63i27yWuwXq7E_WMWb_rDcN3
942 _cTH